| 000 | 00580cab a2200181 4500 | ||
|---|---|---|---|
| 001 | L130488 | ||
| 008 | 050804n2005 000 0 eng u | ||
| 035 | _a(Sirsi) u130488 | ||
| 041 | _aeng | ||
| 100 | _aYoung, Eleanor | ||
| 245 | _aIt's all right for some... | ||
| 260 | _c2005 | ||
| 490 |
_aRIBA Journal _v113(8) August 2005, 32-46(10) |
||
| 520 | _aExamines the results of RIBA and Mirza and Nacey annual research into architectural salaries and employment. Tables | ||
| 590 | _aIKA160805 | ||
| 690 | _aMANAGEMENT-BUSINESS MANAGEMENT-PROFESSIONAL PRACTICE | ||
| 942 | _n0 | ||
| 999 |
_c75650 _d75650 |
||